000 00320nam a22001457a 4500
020 _a0-340-89426-1
082 _a823
_bMCK/F
100 _aMCKAY, HILARY
245 _aTHE FLYING FEELING
260 _a2005
_bHODDER CHILDRENS BOOKS
_c2005
300 _a50
520 _aSHORT STORY
650 _aSHORT STORY
942 _cBK
999 _c6208
_d6208